000 00345nam a2200133Ia 4500
005 20260328101518.0
008 260328s9999||||xx |||||||||||||| ||und||
100 _aKoch, Ximena
245 0 _aEl Arquitecto :
_b Un examen de su acción /
_cXimena Koch
260 _bUniversidad de Chile
300 _a263 p.
650 _aARQUITECTURA
942 _cBK
999 _c9460
_d9460